[Event "Muensterland Verbandsklasse 1920"]
[Site "Germany"]
[Date "2019.11.16"]
[Round "3.3"]
[White "Winzenhoerlein, Thomas"]
[Black "Wessendorf, Klaus"]
[Result "1-0"]
[WhiteElo "1773"]
[BlackElo "1624"]
[PlyCount "37"]
[EventDate "2019.09.14"]
[EventType "team-tourn"]
[EventRounds "7"]
[EventCountry "GER"]
[SourceTitle "EXT 2023"]
[Source "ChessBase"]
[SourceDate "2022.10.05"]
[SourceVersion "1"]
[SourceVersionDate "2022.10.05"]
[SourceQuality "1"]
[WhiteTeam "Heiden"]
[BlackTeam "Emsdetten Rochade III"]
[WhiteTeamCountry "GER"]
[BlackTeamCountry "GER"]

1. f4 d5 2. Nf3 c5 3. e3 Nc6 4. Bb5 Bd7 5. 0-0 a6 6. Bxc6 Bxc6 7. b3 Nf6 8. Ne5 d4 9. Nxc6 bxc6 10. d3 dxe3 11. Bxe3 e6 12. Nd2 Qd5 13. Nc4 Rb8 14. Qf3 Be7 15. Ne5 Rc8 16. Rae1 Bd6 17. Qg3 Bb8 18. c4 Qd6 19. Qxg7 1-0

[Event "Muensterland Verbandsliga 1819"]
[Site "Germany"]
[Date "2019.01.26"]
[Round "6.8"]
[White "Focke, Robert"]
[Black "Wessendorf, Klaus"]
[Result "0-1"]
[WhiteElo "1534"]
[BlackElo "1624"]
[PlyCount "108"]
[EventDate "2018.09.01"]
[EventType "team-tourn"]
[EventRounds "9"]
[EventCountry "GER"]
[SourceTitle "EXT 2020"]
[Source "ChessBase"]
[SourceDate "2019.10.17"]
[SourceVersion "1"]
[SourceVersionDate "2019.10.17"]
[SourceQuality "1"]
[WhiteTeam "Metelen"]
[BlackTeam "Emsdetten Rochade II"]
[WhiteTeamCountry "GER"]
[BlackTeamCountry "GER"]

1. f4 d5 2. d4 e6 3. Nf3 c5 4. e3 Nf6 5. c3 b6 6. Ne5 c4 7. Nd2 Qc7 8. Qa4+ Bd7 9. Nxd7 Qxd7 10. Qxd7+ Nbxd7 11. Be2 b5 12. b4 Nb6 13. Bd1 a5 14. bxa5 Rxa5 15. 0-0 Kd7 16. Bb2 Ba3 17. Bxa3 Rxa3 18. Nb1 Ra7 19. Bc2 Rha8 20. a3 g6 21. h3 Ne4 22. Bxe4 dxe4 23. Rf2 Nd5 24. Re2 f5 25. Kf2 b4 26. cxb4 Nxb4 27. g4 Kd6 28. Kg3 Nd5 29. g5 Rb7 30. Kf2 c3 31. Rc2 Rc8 32. a4 Rb2 33. Na3 Ke7 34. Rb1 Rcb8 35. Rbxb2 Rxb2 36. Ke2 Kd7 37. Rxb2 cxb2 38. Kd2 Kc6 39. Kc2 Nxe3+ 40. Kxb2 Kb6 41. Kb3 Nd5 42. Nc4+ Ka6 43. Ne5 Nxf4 44. h4 Ng2 45. Nd7 Nxh4 46. Nc5+ Ka5 47. Nxe6 e3 48. Nf4 Nf3 49. d5 Nxg5 50. d6 Nf7 51. d7 Nd8 52. Kc3 g5 53. Ng2 f4 54. Kd3 Kxa4 0-1

[Event "Steinfurt Bezirksliga 1415"]
[Site "Germany"]
[Date "2014.11.08"]
[Round "3.5"]
[White "Wessendorf, Klaus"]
[Black "Diehl, Gerhard"]
[Result "1-0"]
[WhiteElo "1647"]
[BlackElo "1610"]
[PlyCount "127"]
[EventDate "2014.09.06"]
[EventType "team-tourn"]
[EventRounds "9"]
[EventCountry "GER"]
[SourceTitle "EXT 2016"]
[Source "ChessBase"]
[SourceDate "2015.10.08"]
[SourceVersion "1"]
[SourceVersionDate "2015.10.08"]
[SourceQuality "1"]
[WhiteTeam "Emsdetten Rochade III"]
[BlackTeam "Neuenkirchen II"]
[WhiteTeamCountry "GER"]
[BlackTeamCountry "GER"]

1. e4 c6 2. d4 d5 3. exd5 cxd5 4. c4 dxc4 5. Bxc4 e6 6. Nf3 Nf6 7. 0-0 Be7 8. Nc3 0-0 9. Ne5 Nbd7 10. Qf3 Nxe5 11. dxe5 Nd7 12. Qg3 Bh4 13. Qf4 h6 14. Ne4 Bg5 15. Nxg5 Qxg5 16. Qxg5 hxg5 17. Re1 g4 18. Bg5 Nb6 19. Bb3 Bd7 20. Re4 f5 21. exf6 gxf6 22. Be3 Kf7 23. Rxg4 Rg8 24. Rxg8 Rxg8 25. Rd1 Bc6 26. g3 Bd5 27. Bxb6 Bxb3 28. axb3 axb6 29. Rd7+ Kg6 30. Rxb7 Rc8 31. Rxb6 e5 32. b4 Rc1+ 33. Kg2 Rb1 34. b5 Rxb2 35. Rb8 Kf5 36. h3 e4 37. Kf1 Rb1+ 38. Kg2 Rb2 39. Re8 Rxb5 40. Rc8 Ra5 41. h4 Ra2 42. Kf1 Ra1+ 43. Ke2 Ra2+ 44. Ke3 Ra3+ 45. Kd2 Rf3 46. Ke2 Ra3 47. Rc2 Kg4 48. Kf1 f5 49. Re2 Ra1+ 50. Re1 Rxe1+ 51. Kxe1 f4 52. Ke2 fxg3 53. fxg3 Kf5 54. Ke3 Ke5 55. g4 Kf6 56. Kxe4 Kg6 57. Kf4 Kf6 58. h5 Kg7 59. Kg5 Kg8 60. h6 Kh7 61. Kh5 Kh8 62. Kg6 Kg8 63. g5 Kh8 64. Kf7 1-0

[Event "Steinfurt Bezirksliga 1314"]
[Site "Germany"]
[Date "2014.03.22"]
[Round "7.2"]
[White "Wessendorf, Klaus"]
[Black "Ratert, Matthias"]
[Result "0-1"]
[WhiteElo "1622"]
[BlackElo "1825"]
[PlyCount "38"]
[EventDate "2013.09.14"]
[EventType "team-tourn"]
[EventRounds "9"]
[EventCountry "GER"]
[SourceTitle "EXT 2015"]
[Source "ChessBase"]
[SourceDate "2014.11.20"]
[SourceVersion "1"]
[SourceVersionDate "2014.11.20"]
[SourceQuality "1"]
[WhiteTeam "Emsdetten Rochade III"]
[BlackTeam "Rheine Klein Berlin II"]
[WhiteTeamCountry "GER"]
[BlackTeamCountry "GER"]

1. e4 e5 2. Nf3 Nf6 3. Nxe5 d6 4. Nf3 Nxe4 5. Nc3 Nxc3 6. dxc3 Nc6 7. Be3 Be7 8. Qd2 Be6 9. 0-0-0 0-0 10. h4 Ne5 11. Ng5 Qd7 12. Nxe6 Qxe6 13. b3 a5 14. a4 c6 15. Bg5 f6 16. Bf4 b5 17. axb5 a4 18. Bxe5 axb3 19. Bxd6 b2+ 0-1

[Event "Steinfurt Bezirksklasse 1213"]
[Site "Germany"]
[Date "2012.09.29"]
[Round "1.1"]
[White "Siebald, Joerg"]
[Black "Wessendorf, Klaus"]
[Result "1-0"]
[WhiteElo "1592"]
[BlackElo "1629"]
[PlyCount "57"]
[EventDate "2012.09.29"]
[EventType "team-tourn"]
[EventRounds "9"]
[EventCountry "GER"]
[SourceTitle "EXT 2015"]
[Source "ChessBase"]
[SourceDate "2014.11.20"]
[SourceVersion "1"]
[SourceVersionDate "2014.11.20"]
[SourceQuality "1"]
[WhiteTeam "Emsdetten Rochade IV"]
[BlackTeam "Emsdetten Rochade III"]
[WhiteTeamCountry "GER"]
[BlackTeamCountry "GER"]

1. e4 c5 2. d3 Nc6 3. Nf3 d6 4. g3 g6 5. Bg2 Bg7 6. 0-0 Bg4 7. Nbd2 b5 8. h3 Bd7 9. Re1 Qb6 10. Nf1 e6 11. Rb1 Nge7 12. h4 a5 13. Bf4 e5 14. Be3 Nd4 15. c3 Ndc6 16. Qd2 b4 17. Bh6 0-0 18. Bxg7 Kxg7 19. h5 h6 20. Ne3 gxh5 21. Nh4 Qd8 22. Qe2 Kh7 23. Qxh5 Qc8 24. Nef5 Nxf5 25. Nxf5 Bxf5 26. exf5 Qd8 27. Bxc6 Qg5 28. Qxg5 hxg5 29. Bxa8 1-0

[Event "Steinfurt Bezirksliga 1112"]
[Site "Germany"]
[Date "2012.05.05"]
[Round "8.7"]
[White "Zachert, Axel"]
[Black "Wessendorf, Klaus"]
[Result "1/2-1/2"]
[WhiteElo "1576"]
[BlackElo "1676"]
[PlyCount "47"]
[EventDate "2011.10.01"]
[EventType "team-tourn"]
[EventRounds "9"]
[EventCountry "GER"]
[SourceTitle "EXT 2013"]
[Source "ChessBase"]
[SourceDate "2012.11.22"]
[SourceVersion "1"]
[SourceVersionDate "2012.11.22"]
[SourceQuality "1"]
[WhiteTeam "Westerkappeln"]
[BlackTeam "Emsdetten Rochade II"]
[WhiteTeamCountry "GER"]
[BlackTeamCountry "GER"]

1. d4 c5 2. dxc5 e6 3. e3 Bxc5 4. c4 Nf6 5. Nf3 0-0 6. Be2 d5 7. 0-0 Qc7 8. b3 Nc6 9. Bb2 Be7 10. Nc3 dxc4 11. Bxc4 a6 12. Qc2 Ng4 13. Be2 Bf6 14. Ne4 Bxb2 15. Qxb2 b5 16. Rac1 Bb7 17. h3 Nge5 18. Nxe5 Qxe5 19. Qxe5 Nxe5 20. Nc5 Bc6 21. f4 Nd7 22. Nxe6 Bxg2 23. Kxg2 fxe6 24. Rc7 1/2-1/2

[Event "Steinfurt Bezirksliga 1112"]
[Site "Germany"]
[Date "2012.03.31"]
[Round "7.7"]
[White "Wessendorf, Klaus"]
[Black "Roos, Bastian"]
[Result "1-0"]
[WhiteElo "1676"]
[BlackElo "1346"]
[PlyCount "65"]
[EventDate "2011.10.01"]
[EventType "team-tourn"]
[EventRounds "9"]
[EventCountry "GER"]
[SourceTitle "EXT 2013"]
[Source "ChessBase"]
[SourceDate "2012.11.22"]
[SourceVersion "1"]
[SourceVersionDate "2012.11.22"]
[SourceQuality "1"]
[WhiteTeam "Emsdetten Rochade II"]
[BlackTeam "Saerbeck II"]
[WhiteTeamCountry "GER"]
[BlackTeamCountry "GER"]

1. e4 e5 2. Nf3 Nc6 3. d4 exd4 4. Nxd4 Nxd4 5. Qxd4 c5 6. Qa4 g6 7. Nc3 Bg7 8. Nb5 Be5 9. f4 Bc7 10. Be3 b6 11. 0-0-0 Nf6 12. Be2 Bb7 13. Bf3 0-0 14. e5 Bxf3 15. gxf3 Nh5 16. Nxc7 Qxc7 17. Qxd7 Qxd7 18. Rxd7 Rfe8 19. Rg1 Ng7 20. Kd2 Nf5 21. Ke2 Kf8 22. Rgd1 Re7 23. Rd8+ Re8 24. R8d7 Re7 25. Bf2 Ke8 26. R7d5 Rc8 27. Kd3 Rd7 28. Ke4 Rcd8 29. a4 a5 30. R1d3 Rxd5 31. Rxd5 Rxd5 32. Kxd5 Kd7 33. Bxc5 1-0

[Event "Steinfurt Bezirksliga 1112"]
[Site "Germany"]
[Date "2011.11.26"]
[Round "3.6"]
[White "Wessendorf, Klaus"]
[Black "Hallmeier, Philipp"]
[Result "0-1"]
[WhiteElo "1676"]
[BlackElo "1426"]
[PlyCount "56"]
[EventDate "2011.10.01"]
[EventType "team-tourn"]
[EventRounds "9"]
[EventCountry "GER"]
[SourceTitle "EXT 2013"]
[Source "ChessBase"]
[SourceDate "2012.11.22"]
[SourceVersion "1"]
[SourceVersionDate "2012.11.22"]
[SourceQuality "1"]
[WhiteTeam "Emsdetten Rochade II"]
[BlackTeam "Ibbenbueren II"]
[WhiteTeamCountry "GER"]
[BlackTeamCountry "GER"]

1. e4 e5 2. Nf3 Nc6 3. Bc4 Bc5 4. Nc3 Nf6 5. d3 d6 6. Bg5 h6 7. Be3 Bb6 8. h3 0-0 9. a3 Be6 10. Nd5 Bxd5 11. Bxd5 Nxd5 12. exd5 Ne7 13. c4 Nf5 14. Qd2 Re8 15. 0-0 Nxe3 16. fxe3 e4 17. Nd4 Bxd4 18. exd4 e3 19. Qe2 Qh4 20. Rf3 Qxd4 21. Raf1 Re7 22. Rf4 Qb6 23. R1f3 Rae8 24. Rh4 Qa5 25. Rff4 Qd2 26. Kf1 Qc1+ 27. Qe1 e2+ 28. Kf2 Qe3# 0-1

[Event "Muensterland Verbandsklasse-A 0910"]
[Site "Germany"]
[Date "2010.02.20"]
[Round "7.7"]
[White "Suer, Julian"]
[Black "Wessendorf, Klaus"]
[Result "1-0"]
[WhiteElo "1669"]
[BlackElo "1704"]
[PlyCount "58"]
[EventDate "2009.09.19"]
[EventType "team-tourn"]
[EventRounds "9"]
[EventCountry "GER"]
[SourceTitle "EXT 2011"]
[Source "ChessBase"]
[SourceDate "2010.11.26"]
[SourceVersion "1"]
[SourceVersionDate "2010.11.26"]
[SourceQuality "1"]
[WhiteTeam "Raesfeld Erle"]
[BlackTeam "Emsdetten Rochade II"]
[WhiteTeamCountry "GER"]
[BlackTeamCountry "GER"]

1. e4 c5 2. d4 cxd4 3. c3 dxc3 4. Nxc3 d6 5. Nf3 e6 6. Bc4 Be7 7. 0-0 Nc6 8. Qe2 Nf6 9. Rd1 Ng4 10. Bf4 e5 11. Bg3 Be6 12. Bxe6 fxe6 13. h3 Nf6 14. Nxe5 0-0 15. Nxc6 bxc6 16. e5 Nd5 17. Nxd5 cxd5 18. exd6 Bh4 19. Qxe6+ Kh8 20. Qxd5 Bxg3 21. fxg3 Qb6+ 22. Qd4 Rab8 23. Qxb6 Rxb6 24. d7 Rd8 25. Rac1 Rbb8 26. Rc7 a6 27. Rdc1 Kg8 28. Rc8 Kf7 29. Rxb8 Rxb8 1-0

[Event "Muensterland Verbandsklasse-B 0809"]
[Site "Germany"]
[Date "2009.01.10"]
[Round "5.6"]
[White "Diepenbrock, Till"]
[Black "Wessendorf, Klaus"]
[Result "1/2-1/2"]
[WhiteElo "1731"]
[BlackElo "1704"]
[PlyCount "66"]
[EventDate "2008.09.13"]
[EventType "team-tourn"]
[EventRounds "9"]
[EventCountry "GER"]
[SourceTitle "EXT 2010"]
[Source "ChessBase"]
[SourceDate "2010.11.25"]
[SourceVersion "1"]
[SourceVersionDate "2010.11.25"]
[SourceQuality "1"]
[WhiteTeam "Nordwalde"]
[BlackTeam "Emsdetten Rochade II"]
[WhiteTeamCountry "GER"]
[BlackTeamCountry "GER"]

1. e4 c5 2. Nf3 Nc6 3. d4 cxd4 4. Nxd4 g6 5. Nc3 Bg7 6. Be3 a6 7. Be2 e6 8. Qd2 Nge7 9. h4 b5 10. a3 h5 11. g4 hxg4 12. Bxg4 Ne5 13. Be2 Bb7 14. Nf3 Qc7 15. Nxe5 Bxe5 16. Bd4 Bf4 17. Be3 Bxe3 18. Qxe3 Nf5 19. exf5 Bxh1 20. fxg6 fxg6 21. Qg5 Qh2 22. Qxg6+ Kd8 23. Qg5+ Kc7 24. 0-0-0 Qxh4 25. Qe5+ Kd8 26. Qxe6 Qe7 27. Qb6+ Ke8 28. Qg6+ Qf7 29. Qxf7+ Kxf7 30. Rxd7+ Ke8 31. Rd6 Ke7 32. Rb6 Rhf8 33. Rh6 Bb7 1/2-1/2

[Event "Muensterland Verbandsklasse-B 0809"]
[Site "Germany"]
[Date "2008.10.25"]
[Round "3.7"]
[White "Wessendorf, Klaus"]
[Black "Wichmann, Norbert"]
[Result "0-1"]
[WhiteElo "1704"]
[BlackElo "1755"]
[PlyCount "30"]
[EventDate "2008.09.13"]
[EventType "team-tourn"]
[EventRounds "9"]
[EventCountry "GER"]
[SourceTitle "EXT 2010"]
[Source "ChessBase"]
[SourceDate "2010.11.25"]
[SourceVersion "1"]
[SourceVersionDate "2010.11.25"]
[SourceQuality "1"]
[WhiteTeam "Emsdetten Rochade II"]
[BlackTeam "Muenster Indische Dame"]
[WhiteTeamCountry "GER"]
[BlackTeamCountry "GER"]

1. e4 d6 2. d4 Nf6 3. Nc3 g6 4. Bg5 c6 5. Qd2 h6 6. Bf4 Qc7 7. 0-0-0 Nbd7 8. Be2 e5 9. Be3 Nb6 10. f4 Ng4 11. dxe5 dxe5 12. fxe5 Nxe3 13. Qxe3 Be7 14. Nf3 Be6 15. Nd4 Bg5 0-1

[Event "Muensterland Verbandsklasse-B 0809"]
[Site "Germany"]
[Date "2008.10.11"]
[Round "2.7"]
[White "Kaiser, Guenter1111"]
[Black "Wessendorf, Klaus"]
[Result "0-1"]
[WhiteElo "1635"]
[BlackElo "1704"]
[PlyCount "52"]
[EventDate "2008.09.13"]
[EventType "team-tourn"]
[EventRounds "9"]
[EventCountry "GER"]
[SourceTitle "EXT 2010"]
[Source "ChessBase"]
[SourceDate "2010.11.25"]
[SourceVersion "1"]
[SourceVersionDate "2010.11.25"]
[SourceQuality "1"]
[WhiteTeam "Ochtrup"]
[BlackTeam "Emsdetten Rochade II"]
[WhiteTeamCountry "GER"]
[BlackTeamCountry "GER"]

1. e4 c5 2. Nf3 Nc6 3. d4 cxd4 4. Nxd4 e6 5. Nc3 a6 6. Be2 Bb4 7. 0-0 Qh4 8. Nf3 Qf6 9. Bg5 Qg6 10. Bd3 Ne5 11. Nxe5 Qxg5 12. f4 Qe7 13. f5 Qc5+ 14. Kh1 Qxe5 15. fxe6 dxe6 16. Qf3 Nf6 17. Rae1 Bxc3 18. bxc3 Bd7 19. g4 Rf8 20. Qg2 h6 21. c4 Bc6 22. Re2 Rd8 23. h3 Nd7 24. Qg1 Nc5 25. Qe3 f6 26. Rb1 Qd4 0-1

[Event "Steinfurt Bezirksliga 0708"]
[Site "Germany"]
[Date "2007.12.01"]
[Round "4.6"]
[White "Pohlmeier, Ulrich"]
[Black "Wessendorf, Klaus"]
[Result "0-1"]
[WhiteElo "1565"]
[BlackElo "1675"]
[PlyCount "82"]
[EventDate "2007.09.22"]
[EventType "team-tourn"]
[EventRounds "9"]
[EventCountry "GER"]
[SourceTitle "EXT 2009"]
[Source "ChessBase"]
[SourceDate "2008.11.26"]
[SourceVersion "1"]
[SourceVersionDate "2008.11.26"]
[SourceQuality "1"]
[WhiteTeam "Rheine Klein Berlin II"]
[BlackTeam "Emsdetten Rochade II"]
[WhiteTeamCountry "GER"]
[BlackTeamCountry "GER"]

1. e4 c5 2. Nf3 Nc6 3. d4 cxd4 4. Nxd4 e6 5. Nc3 a6 6. a3 Bc5 7. Nxc6 bxc6 8. Bd3 Qh4 9. 0-0 Nf6 10. Qf3 Bd6 11. g3 Qh3 12. Qg2 Qh5 13. Be2 Qg6 14. Be3 h5 15. Rad1 Be5 16. Bd4 Bxd4 17. Rxd4 Rb8 18. b3 d5 19. Rfd1 e5 20. Ra4 d4 21. Nb1 Qxe4 22. Qxe4 Nxe4 23. Bf3 Nc5 24. Bxc6+ Bd7 25. Bxd7+ Kxd7 26. Ra5 Rb5 27. Rxb5 axb5 28. b4 Na4 29. c3 Ke6 30. cxd4 Rd8 31. Kf1 Rxd4 32. Rxd4 exd4 33. Ke2 Kd5 34. Nd2 Nb2 35. h4 f5 36. Nf3 Nc4 37. Kd3 Ne5+ 38. Nxe5 Kxe5 39. a4 bxa4 40. Kc4 a3 41. Kb3 d3 0-1

[Event "Steinfurt Bezirksliga 0708"]
[Site "Germany"]
[Date "2007.10.27"]
[Round "2.5"]
[White "Wessendorf, Klaus"]
[Black "Hooft, Rudolf"]
[Result "1-0"]
[WhiteElo "1675"]
[BlackElo "1402"]
[PlyCount "103"]
[EventDate "2007.09.22"]
[EventType "team-tourn"]
[EventRounds "9"]
[EventCountry "GER"]
[SourceTitle "EXT 2009"]
[Source "ChessBase"]
[SourceDate "2008.11.26"]
[SourceVersion "1"]
[SourceVersionDate "2008.11.26"]
[SourceQuality "1"]
[WhiteTeam "Emsdetten Rochade II"]
[BlackTeam "Rheine SG"]
[WhiteTeamCountry "GER"]
[BlackTeamCountry "GER"]

1. e4 e5 2. Nf3 Nc6 3. Bb5 a6 4. Bxc6 dxc6 5. d3 Bd6 6. Nbd2 Bg4 7. h3 Bh5 8. g4 Bg6 9. Nc4 f6 10. Na5 Qc8 11. Be3 Bb4+ 12. Bd2 Bd6 13. Nh4 Bf7 14. Qf3 c5 15. Nf5 Bf8 16. Nc4 Bxc4 17. dxc4 Qe6 18. Qb3 Qc6 19. f3 Ne7 20. Ne3 Ng6 21. Nd5 Bd6 22. 0-0-0 0-0-0 23. h4 h6 24. Rh2 Qd7 25. h5 Ne7 26. Be3 Qc6 27. Qa3 Kb8 28. Rhd2 Nc8 29. Qa5 Rd7 30. Rd3 Rhd8 31. b3 Nb6 32. a3 Ka7 33. Qd2 Kb8 34. Nxb6 cxb6 35. a4 a5 36. Rd5 Ka7 37. f4 exf4 38. Bxf4 Bxf4 39. Qxf4 Rxd5 40. exd5 Qd7 41. Qf5 Qe7 42. Qe6 Re8 43. Re1 Qxe6 44. Rxe6 Rd8 45. Kd2 Rd7 46. Kd3 Kb8 47. Rxb6 Kc7 48. Re6 Rf7 49. Ke4 Kd7 50. Kf5 Rf8 51. Kg6 Rg8 52. Kf7 1-0

[Event "Steinfurt Bezirksliga 0607"]
[Site "Germany"]
[Date "2006.12.02"]
[Round "4.4"]
[White "Engfer, Klaus"]
[Black "Wessendorf, Klaus"]
[Result "1-0"]
[WhiteElo "1652"]
[BlackElo "1641"]
[PlyCount "97"]
[EventDate "2006.09.09"]
[EventType "team-tourn"]
[EventRounds "9"]
[EventCountry "GER"]
[SourceTitle "EXT 2008"]
[Source "ChessBase"]
[SourceDate "2007.11.25"]
[SourceVersion "1"]
[SourceVersionDate "2007.11.25"]
[SourceQuality "1"]
[WhiteTeam "Rheine CC"]
[BlackTeam "Emsdetten Rochade II"]
[WhiteTeamCountry "GER"]
[BlackTeamCountry "GER"]

1. e4 c5 2. Nf3 Nc6 3. d4 cxd4 4. Nxd4 e6 5. Be3 d5 6. exd5 Qxd5 7. Nc3 Bb4 8. Ndb5 Bxc3+ 9. bxc3 Qe5 10. Qd2 a6 11. f4 Qb8 12. Nd6+ Kf8 13. Bc5 Nge7 14. Nc4 Qc7 15. Nb6 Ra7 16. Nxc8 Qxc8 17. Bxa7 Nxa7 18. Be2 Nf5 19. 0-0 Ke7 20. Rf3 Qc5+ 21. Kh1 Rd8 22. Rd3 Rxd3 23. cxd3 Nh4 24. Qe1 Nf5 25. Bf3 Qd6 26. Qe4 Nc6 27. Rb1 Qc7 28. d4 Na5 29. Rxb7 Nxb7 30. Qxb7 Qxb7 31. Bxb7 a5 32. Kg1 Nd6 33. Bc6 Nc4 34. Kf2 Kd6 35. Bb5 Kd5 36. Ke2 Nb2 37. Bd3 h6 38. g4 g5 39. f5 e5 40. dxe5 Kxe5 41. Bb5 Kf4 42. c4 Ke4 43. c5 Kd5 44. c6 Kd6 45. Kd2 a4 46. h3 Kc5 47. c7 Kxb5 48. c8Q Nc4+ 49. Kc3 1-0

[Event "Steinfurt Bezirksliga 0506"]
[Site "Germany"]
[Date "2006.03.18"]
[Round "8.7"]
[White "Greiling, Thorsten"]
[Black "Wessendorf, Klaus"]
[Result "0-1"]
[WhiteElo "1319"]
[BlackElo "1635"]
[PlyCount "24"]
[EventDate "2005.09.24"]
[EventType "team-tourn"]
[EventRounds "9"]
[EventCountry "GER"]
[SourceTitle "EXT 2006"]
[Source "ChessBase"]
[SourceDate "2005.11.24"]
[SourceVersion "1"]
[SourceVersionDate "2005.11.24"]
[SourceQuality "1"]
[WhiteTeam "Falke Saerbeck III"]
[BlackTeam "Emsdetten Rochade II"]
[WhiteTeamCountry "GER"]
[BlackTeamCountry "GER"]

1. e4 c5 2. Nf3 e6 3. d4 cxd4 4. Qxd4 Nc6 5. Qd1 Bc5 6. Nc3 d6 7. Bc4 b5 8. Bb3 Nf6 9. Bg5 Qb6 10. 0-0 Ng4 11. Qe2 Qc7 12. h3 Nd4 0-1

[Event "Steinfurt Bezirksliga 0506"]
[Site "Germany"]
[Date "2005.10.29"]
[Round "2.7"]
[White "Sperling, Rainer"]
[Black "Wessendorf, Klaus"]
[Result "0-1"]
[WhiteElo "1557"]
[BlackElo "1635"]
[PlyCount "101"]
[EventDate "2005.09.24"]
[EventType "team-tourn"]
[EventRounds "9"]
[EventCountry "GER"]
[SourceTitle "EXT 2006"]
[Source "ChessBase"]
[SourceDate "2005.11.24"]
[SourceVersion "1"]
[SourceVersionDate "2005.11.24"]
[SourceQuality "1"]
[WhiteTeam "Reckenfeld"]
[BlackTeam "Emsdetten Rochade II"]
[WhiteTeamCountry "GER"]
[BlackTeamCountry "GER"]

1. e4 c5 2. Nf3 Nc6 3. Nc3 g6 4. Bc4 Bg7 5. d3 d6 6. h3 Be6 7. Bxe6 fxe6 8. Ng5 Qd7 9. Be3 Nf6 10. 0-0 h6 11. Nf3 e5 12. Nh4 g5 13. Nf5 e6 14. Nxg7+ Qxg7 15. Nb5 Kd7 16. c4 g4 17. h4 a6 18. Nc3 Raf8 19. g3 Nh5 20. Ne2 Rf3 21. Kg2 Rff8 22. a3 Nd4 23. Bxd4 exd4 24. Rb1 b5 25. b3 Qe5 26. Qd2 Rf3 27. Rb2 Qf6 28. cxb5 axb5 29. Qa5 Rb8 30. Qa7+ Kc8 31. Qa6+ Kc7 32. Rd2 e5 33. Qa5+ Rb6 34. Qa7+ Rb7 35. Qa5+ Kb8 36. a4 b4 37. Qa6 Qe6 38. Ng1 Rff7 39. Rb2 Qf6 40. Qc6 Nf4+ 41. gxf4 exf4 42. f3 Rg7 43. Qe8+ Ka7 44. Qh5 gxf3+ 45. Kxf3 Rg3+ 46. Kf2 Rxd3 47. Nf3 Re3 48. Re1 d3 49. e5 dxe5 50. Rxe3 fxe3+ 51. Kxe3 0-1

[Event "Steinfurt Bezirksliga 0203"]
[Site "Germany"]
[Date "2003.04.26"]
[Round "8.4"]
[White "Hartmann, Viktor"]
[Black "Wessendorf, Klaus"]
[Result "1-0"]
[WhiteElo "1823"]
[BlackElo "1669"]
[PlyCount "57"]
[EventDate "2002.09.14"]
[EventType "team-tourn"]
[EventRounds "9"]
[EventCountry "GER"]
[SourceTitle "EXT 2004"]
[Source "ChessBase"]
[SourceDate "2003.11.25"]
[SourceVersion "1"]
[SourceVersionDate "2003.11.25"]
[SourceQuality "1"]
[WhiteTeam "Ibbenbueren II"]
[BlackTeam "Emsdetten Rochade II"]
[WhiteTeamCountry "GER"]
[BlackTeamCountry "GER"]

1. d4 Nf6 2. c4 e6 3. Nc3 b6 4. Nf3 Bb7 5. Bg5 h6 6. Bh4 d6 7. e3 g5 8. Bg3 Nh5 9. Be2 Nxg3 10. hxg3 Bg7 11. 0-0 Nd7 12. Rc1 Nf6 13. d5 Qd7 14. e4 exd5 15. cxd5 0-0 16. Nd4 a6 17. Nf5 Rfe8 18. Bg4 Nxg4 19. Qxg4 Bc8 20. f4 f6 21. Qh5 Rxe4 22. Nxg7 Re7 23. Ne6 Bb7 24. Qg6+ Kh8 25. Qxh6+ Kg8 26. Qg6+ Kh8 27. Qxf6+ Kg8 28. Qxg5+ Kf7 29. Qg7+ 1-0